<?xml version="1.0" encoding="UTF-8"?>
<collection xmlns="http://www.loc.gov/MARC21/slim">
 <record>
  <leader>01488nam a22002295a 4500</leader>
  <controlfield tag="001">CEM.cems024296</controlfield>
  <controlfield tag="008">240830s2004####ag############000#0#und#d</controlfield>
  <controlfield tag="005">20240830155629.0</controlfield>
  <datafield tag="245" ind1="1" ind2="0">
   <subfield code="a">Los Andaluins :</subfield>
   <subfield code="b">rescate en Decadunol /</subfield>
   <subfield code="c">Gabriel Aznarez.</subfield>
  </datafield>
  <datafield tag="250" ind1=" " ind2=" ">
   <subfield code="a">1a ed.</subfield>
  </datafield>
  <datafield tag="260" ind1=" " ind2=" ">
   <subfield code="a">Buenos Aires :</subfield>
   <subfield code="b">Longseller,</subfield>
   <subfield code="c">2004.</subfield>
  </datafield>
  <datafield tag="300" ind1=" " ind2=" ">
   <subfield code="a">256 p.</subfield>
  </datafield>
  <datafield tag="490" ind1="1" ind2=" ">
   <subfield code="a">Juveniles</subfield>
  </datafield>
  <datafield tag="520" ind1=" " ind2=" ">
   <subfield code="a">Esta vez, los tres hermanos comienzan los cursos en un nuevo colegio. Mientras se adaptan a ese cambio, tratan de comprender el universo de las siete dimensiones que les ha sido revelado. Pero el mal jamás descansa y está preparando una nueva ofensiva a gran escala, mientras parientes y amigos de los chicos comienzan a desaparecer. En medio de aventuras fantásticas y problemas en el colegio, los hermanos seguirán su destino. Conocerán personajes asombrosos y paisajes alucinantes, y tendrán que rescatar a sus seres queridos de un futuro incierto de sufrimiento y destrucción. Con la ayuda de sus abuelos, la bruja Ananda y sus mascotas, deberán reunir siete elementos para lograr el éxito en esta peligrosa misión que los lleva a Decadunol, una tierra donde se lucha sin descanso desde el principio de los tiempos.</subfield>
  </datafield>
  <datafield tag="020" ind1=" " ind2=" ">
   <subfield code="a">987550386X</subfield>
  </datafield>
  <datafield tag="100" ind1="1" ind2=" ">
   <subfield code="a">Aznarez, Gabriel.</subfield>
  </datafield>
  <datafield tag="082" ind1="0" ind2="4">
   <subfield code="a">U863.4</subfield>
  </datafield>
  <datafield tag="653" ind1=" " ind2=" ">
   <subfield code="a">Literatura uruguaya</subfield>
  </datafield>
  <datafield tag="653" ind1=" " ind2=" ">
   <subfield code="a">Novela juvenil</subfield>
  </datafield>
  <datafield tag="653" ind1=" " ind2=" ">
   <subfield code="a">Literatura juvenil</subfield>
  </datafield>
  <datafield tag="653" ind1=" " ind2=" ">
   <subfield code="a">Literatura fantástica</subfield>
  </datafield>
  <datafield tag="859" ind1=" " ind2=" ">
   <subfield code="a">CEMS</subfield>
   <subfield code="b">BIB. CEMS - Inicial y Primaria</subfield>
   <subfield code="h">U863.4</subfield>
   <subfield code="i">Az52-1</subfield>
   <subfield code="k">IP</subfield>
   <subfield code="p">4446</subfield>
   <subfield code="t">Ej.1</subfield>
  </datafield>
 </record>
</collection>
